000 00386nam a2200169Ia 4500
008 170705s9999 xx 000 0 und d
020 _a9780736882248
245 _aBrothers /
245 _cLola M. Schaefer.
260 _aMinnesota :
260 _bPebble Books,
260 _c1999
300 _a24 pages :
300 _bcolor illustration ;
300 _c18cm.
500 _aBR
999 _c335261
_d335261